Putera raja di hati rakyat: (Record no. 807)

MARC details
000 -LEADER
fixed length control field 00696nam a2200241 i 4500
001 - CONTROL NUMBER
control field C2-0003927
003 - CONTROL NUMBER IDENTIFIER
control field PPAK
005 - DATE AND TIME OF LATEST TRANSACTION
control field 20190630221813.0
008 - FIXED-LENGTH DATA ELEMENTS--GENERAL INFORMATION
fixed length control field 970125s1983 my |||| ||||| | may d
040 ## - CATALOGING SOURCE
Original cataloging agency PPAK
Language of cataloging eng
Transcribing agency PPAK
Description conventions rda
082 04 - DEWEY DECIMAL CLASSIFICATION NUMBER
Classification number 923.2595
Edition number 23
090 00 - LOCALLY ASSIGNED LC-TYPE CALL NUMBER (OCLC); LOCAL CALL NUMBER (RLIN)
Classification number (OCLC) (R) ; Classification number, CALL (RLIN) (NR) 923.2595
Feature heading AZI
Feature heading G
Classification number (OCLC) (R) ; Classification number, CALL (RLIN) (NR) 923.2595
Feature heading AZI
Feature heading KK
100 0# - MAIN ENTRY--PERSONAL NAME
Personal name Aziz Zariza Ahmad,
Relator term author
245 10 - TITLE STATEMENT
Title Putera raja di hati rakyat:
Remainder of title Tengku Razaleigh Hamzah
264 #1 - PRODUCTION, PUBLICATION, DISTRIBUTION, MANUFACTURE, AND COPYRIGHT NOTICE
Place of production, publication, distribution, manufacture Kuala Lumpur :
Name of producer, publisher, distributor, manufacturer Kedai Buku Koperatif Universiti Malaya ,
Date of production, publication, distribution, manufacture, or copyright notice 1983
300 ## - PHYSICAL DESCRIPTION
Extent ix, 247 pages ;
Dimensions 21 cm
336 ## - CONTENT TYPE
Source rdacontent
Content type term text
337 ## - MEDIA TYPE
Source rdamedia
Media type term unmediated
338 ## - CARRIER TYPE
Source rdacarrier
Carrier type term volume
650 10 - SUBJECT ADDED ENTRY--TOPICAL TERM
Topical term or geographic name entry element Politicians
942 ## - ADDED ENTRY ELEMENTS (KOHA)
-- dc
Koha item type Book
Holdings
Withdrawn Not for loan Current library Shelving location Date acquired Full call number Barcode Date last seen Koha item type Total Checkouts Date last checked out
  Not For Loan Perpustakaan Alor Setar Koleksi Kedah 08/07/1999 KK 923.2595 AZI A00153738 08/05/2018 Book    
    Perpustakaan Kulim Pinjaman Dewasa 17/12/2003 923.2595 AZI A00338222 19/07/2020 Book 1 28/06/2020